An indexed bibliography of underwater archaeology and related topics /

محفوظ في:

المؤلف الرئيسي: Illsley, John Sherwood (مؤلف)

التنسيق: كتاب

اللغة: English

منشور في: Oswestry, Shropshire : Anthony Nelson, 1996.

سلاسل: International maritime archaeology series ; 3.

الموضوعات:

الوسوم: إضافة وسم

لا توجد وسوم, كن أول من يضع وسما على هذه التسجيلة!

رقم الطلب: CC77 .U5 I21 1996

LEADER 00886nam a2200265 a 4500
001 2947
003 OSt
005 20251023130918.0
008 130303s1996 enk b 001 0 eng d
020 |a 0904614573 
035 |a (OCoLC) 34797219 
035 |a 1671290 
040 |c ARCE Library 
050 4 |a CC77 .U5 I21 1996 
100 1 |a Illsley, John Sherwood,  |e author  |9 32865 
245 1 3 |a An indexed bibliography of underwater archaeology and related topics /  |c compiled by John Sherwood Illsley. 
264 1 |a Oswestry, Shropshire :  |b Anthony Nelson,  |c 1996. 
300 |a 360 page ;   |c 28 cm. 
490 1 |a International maritime archaeology series ;  |v 3. 
504 |a Includes bibliographical references and indexes. 
650 0 |a Underwater archaeology  |v Bibliography. 
830 0 |a International maritime archaeology series ;  |v 3. 
901 |a reviewed 
942 |c BK  |2 lcc 
999 |c 105  |d 105